000 01417nam a2200313Ia 4500
003 PE SENCICO BE
005 20251020182435.0
008 200515s9999 xx 000 0 und d
040 _aPE SENCICO BE
_cPE SENCICO BE
041 _aspa
082 _a375.001
_bF7
110 1 _aFORTE-PE
_93061
245 1 0 _aMecánica de producción :
_bprototipo de programación curricular /
_cFORTE-PE
246 1 _aTítulo profesional de mecánica de producción
250 _a[1a ed.]
260 _aLima :
_bFORTE-PE ;
_c2001
300 _a136 páginas :
_btablas, gráficos ;
_c24 cm.
490 _aNuevo modelo de educación técnica y profesional
500 _aEn la portada: Formación profesional de Grado Superior
500 _aEn la cubierta: Título profesional de mecánica de producción
504 _aBibliografía: p. 136
505 0 _aLa lógica de la programación curricular en formación profesional técnica -- Prototipo de programación curricular del título profesional de mecánica de producción
520 3 _aEl prototipo que se presenta comprende una visión global de la carrera a través de la Programación del Título Profesional y la programación de cada uno de sus módulos.
650 1 0 _aPlanificación curricular
_93033
650 2 0 _aFormación profesional
_91311
650 2 0 _aCalidad de la educación
_92692
650 2 0 _aProgramación curricular
_93025
942 _cLIB
_2ddc
999 _c379
_d379